| 000 | 00541nam a2200193Ia 4500 | ||
|---|---|---|---|
| 003 | OSt | ||
| 005 | 20230615161918.0 | ||
| 008 | 210423s1995 xx 000 0 und d | ||
| 040 | _cAL | ||
| 041 | _aeng | ||
| 082 | _a362.7 CHOC | ||
| 100 |
_aCHOWDHRY(Paul D) _9117842 |
||
| 245 | _aChild welfare development page 214-440 | ||
| 260 |
_aDelhi _bAtma ram and sons _c1995 |
||
| 300 |
_a214-440 _bBound |
||
| 650 |
_aSocial Welfare Problems & Services _9117843 |
||
| 906 | _a214-440 ; Child ; development ; page ; welfare | ||
| 942 |
_2ddc _cBK |
||
| 999 |
_c176418 _d176418 |
||